000
00309nam a22001457a 4500
008
230707b ||||| |||| 00| 0 eng d
020
_a
9780618731381
041
_a
eng
080
_a
37
082
_a
37EDM
100
_a
22
101
_a
EDUK
245
_a
INSTROCTOR'S COPY
_c
EDMUNS.D.R
942
_2
udc
_c
BK
999
_c
60135
_d
60135